Multiple NFL Super Bowl Losers Quiz Stats

 Plays Quiz Updated Sep 19, 2019

Score 0/16 Timer 02:00
37 Plays Today
% Correct
Patriots
92.1%
Bills
88.6%
Broncos
83.7%
Cowboys
83.6%
Steelers
77.2%
Rams
75%
Eagles
72.4%
Raiders
70.8%
% Correct
Dolphins
69.7%
Vikings
68.5%
Colts
67.7%
Falcons
64.4%
Redskins
60.1%
Seahawks
59.5%
Bengals
57.4%
Panthers
55.9%

You're not logged in!

Compare scores with friends on all Sporcle quizzes.
OR
Log In

Sporcle TV

Today on Sporcle TV


Watch our educational content, quiz creation guides, and fun videos on Sporcle TV.

Show Comments

Extras

Top Quizzes Today


Score Distribution

Your Account Isn't Verified!

In order to create a playlist on Sporcle, you need to verify the email address you used during registration. Go to your Sporcle Settings to finish the process.

Report this User

Report this user for behavior that violates our Community Guidelines.

Details: